000 01242cam a22002054a 4500
005 20260202144545.0
008 250528s ||||||||||||||||||||||||d
035 _a14606
020 _a205184456
040 _aGR-AtMCL
_bgre
_dGR-AtMCL
_eAACR2
245 1 _aBiopsychology / Third Edition
250 _a3rd
260 _bAddison-Wesley Publishing Company,
_c1997
300 _a582
520 _aBiopsychology as a Neuroscience, Evolution and Genetics and Experience: Asking the Right Questions about the Biology of Behavior, The Anatomy of the Nervous System, Neural Conduction and Synaptic Transmission, What Biopsychologists Do: The Research Methods of Biopsychology, Human Brain Damage and Animal Models, The Visual System: From Eye to Cortex, Mechanisms of Perception, The Sensorimotor System, The Biopsychology of Eating and Drinking, Hormones and Sex, Sleep and Dreaming and Circadian Rhythms, Drug Addiction and Reward Circuits in the Brain, Memory and Amnesia, Neuroplasticity: Development and Learning and Recovery from Brain Damage, Lateralization and Language and the Split Brain, Biopsychology of Emotion and Stress and Mental Illness.
700 1 _aPinel, John P. J.
_9334
942 _cBK
999 _c230
_d230